000 00578nam a2200193Ia 4500
999 _c31900
_d31900
003 OSt
005 20200730122211.0
008 190216s9999||||xx |||||||||||||| ||und||
020 _a9788181281548
040 _coclc
082 _a512.7
_bIRE/C
100 _aIreland, Kenneth
_93874
245 0 _aA Classical Introduction to Modern Number Theory /
_cKenneth Ireland ; Michael Rosen
250 _a2nd Ed.
260 _bSpringer - Neyook,
_c2004.
_aNew York:
300 _a389p
650 _aMathematics
942 _cBK
_2ddc
_h512.7
_iIRE/C
_k512.7
_mIRE/C